| 000 | 00579nam a22001937a 4500 | ||
|---|---|---|---|
| 005 | 20251108165016.0 | ||
| 008 | 250721s1942 xx 000 0 ara d | ||
| 082 | 1 | 4 | _a536/بار |
| 100 | 1 | _aباركو، برتاموريس | |
| 245 | 1 | 0 | _aالحرارة / |
| 264 | 1 |
_aالقاهره : _bدار المعارف، _c1942. |
|
| 300 | _a36ص | ||
| 490 | 0 | _aمجموعة الكتب العلمية المبسطة | |
| 650 | 1 | 7 | _aالحرارة |
| 650 | 1 | 7 | _aالفيزياء |
| 700 | 1 |
_aالمنياوي، عبد الفتاح _eترجمة |
|
| 942 |
_2ddc _cBK |
||
| 999 |
_c19786 _d19786 |
||